[Event "100th ch-GBR 2013"]
[Site "Torquay ENG"]
[Date "2013.07.30"]
[Round "2"]
[White "Jaunooby, A."]
[Black "Owens, M."]
[Result "1-0"]
[WhiteElo "2170"]
[BlackElo "1852"]
[PlyCount "118"]
[EventDate "2013.07.29"]

1. d4 Nf6 2. c4 g6 3. g3 d5 4. cxd5 Nxd5 5. Bg2 Bg7 6. Nc3 Nb6 7. e3 O-O 8.
Nge2 c6 9. e4 e5 10. d5 Qd6 11. a4 f5 12. b3 Qf6 13. Ba3 Rf7 14. a5 N6d7 15.
Rc1 Bf8 16. d6 Na6 17. Na4 b6 18. exf5 Qxf5 19. O-O Bb7 20. Nec3 Rb8 21. Ne4 c5
22. Nac3 Bh6 23. Rc2 Qe6 24. Bc1 Bxc1 25. Rxc1 h6 26. Nb5 Nf6 27. Nbc3 Nxe4 28.
Bxe4 Bxe4 29. Nxe4 Nb4 30. Qd2 Kg7 31. Rfd1 Nc6 32. axb6 axb6 33. Qd5 Qxd5 34.
Rxd5 Nd4 35. Rb1 Nc6 36. Kg2 Rd8 37. Ra1 Rfd7 38. Ra4 Kf7 39. Rd1 Nb4 40. h4
Ke6 41. Re1 Nc2 42. Re2 Nd4 43. Re3 Nf5 44. Rf3 Rf7 45. Ra6 Nxd6 46. Rxb6 Rxf3
47. Kxf3 Kd5 48. Nf6+ Kd4 49. g4 g5 50. Kg3 Kc3 51. Rxd6 Rxd6 52. Ne4+ Kxb3 53.
Nxd6 c4 54. hxg5 hxg5 55. Kf3 c3 56. Ke2 e4 57. Nxe4 c2 58. Nc5+ Kc4 59. Nd3
Kd5 1-0

[Event "100th ch-GBR 2013"]
[Site "Torquay ENG"]
[Date "2013.07.30"]
[Round "2"]
[White "Duff, R."]
[Black "Broadley, Henry"]
[Result "1/2-1/2"]
[WhiteElo "2157"]
[BlackElo "1953"]
[PlyCount "83"]
[EventDate "2013.07.29"]

1. e4 c5 2. Nf3 d6 3. d4 cxd4 4. Nxd4 Nf6 5. Nc3 g6 6. Be3 Bg7 7. f3 O-O 8. Qd2
Nc6 9. Bc4 Bd7 10. O-O-O Rc8 11. Bb3 Ne5 12. Kb1 Re8 13. h4 h5 14. Bh6 Bxh6 15.
Qxh6 Rxc3 16. bxc3 a5 17. f4 Nfg4 18. Qg5 a4 19. fxe5 axb3 20. cxb3 Nxe5 21.
Nf5 f6 22. Qg3 Kh7 23. Ne3 Bg4 24. Rd4 Qa5 25. Nd5 Rc8 26. Ra4 Qd8 27. Ra7 Rb8
28. Qe3 Nc6 29. Ra4 Qc8 30. Qb6 Qe6 31. Re1 Qd7 32. Nb4 Ne5 33. Ra7 Qc8 34. Qe3
Qd7 35. Qb6 Qc8 36. Rc1 Be2 37. Rc2 Bg4 38. c4 Nd7 39. Qe3 Nc5 40. Nd3 Qe6 41.
b4 Nxe4 42. Kb2 1/2-1/2

[Event "100th ch-GBR 2013"]
[Site "Torquay ENG"]
[Date "2013.07.30"]
[Round "2"]
[White "Bonafont, P."]
[Black "Bates, Ri"]
[Result "0-1"]
[WhiteElo "2084"]
[BlackElo "2375"]
[PlyCount "80"]
[EventDate "2013.07.29"]

1. d4 Nf6 2. Nf3 g6 3. c4 Bg7 4. Nc3 O-O 5. Bf4 d6 6. e3 Bf5 7. Be2 Ne4 8. O-O
c5 9. Qb3 Nc6 10. Rad1 cxd4 11. exd4 Qa5 12. Rfe1 e5 13. Nxe4 Bxe4 14. dxe5
dxe5 15. Bd2 Qc7 16. Bc3 Rfe8 17. Ng5 Bf5 18. Bf3 h6 19. Ne4 Nd4 20. Bxd4 exd4
21. Nd2 Qa5 22. Rxe8+ Rxe8 23. Nf1 b6 24. g3 h5 25. h4 Qc5 26. Qa4 Re7 27. Nd2
d3 28. b4 Qd4 29. Rf1 Bh3 30. Bg2 Bg4 31. Qc6 Re2 32. Nb3 Qe5 33. Qa8+ Kh7 34.
Qd8 Rxa2 35. Nc1 Rd2 36. c5 bxc5 37. bxc5 Qc3 38. c6 Bd4 39. c7 Rxf2 40. Rxf2
Qe1+ 0-1

[Event "100th ch-GBR 2013"]
[Site "Torquay ENG"]
[Date "2013.07.30"]
[Round "2"]
[White "Eames, R."]
[Black "Collier, D."]
[Result "1-0"]
[WhiteElo "2244"]
[BlackElo "2086"]
[PlyCount "97"]
[EventDate "2013.07.29"]

1. d4 Nf6 2. c4 e6 3. Nc3 Bb4 4. e3 O-O 5. Bd3 d5 6. Nf3 c5 7. O-O Nc6 8. a3
Bxc3 9. bxc3 dxc4 10. Bxc4 Qc7 11. Bb2 b6 12. Qe2 Bb7 13. Ba2 e5 14. d5 e4 15.
Nh4 Ne5 16. c4 Bc8 17. f4 Ng6 18. Bxf6 gxf6 19. Qh5 Nxh4 20. Qxh4 f5 21. Qg5+
Kh8 22. Qf6+ Kg8 23. g4 Qd8 24. Qh6 Kh8 25. g5 Rg8 26. h4 Rg6 27. Qh5 Bd7 28.
Qe2 f6 29. Kf2 fxg5 30. hxg5 Qe7 31. Bb3 Qg7 32. Rh1 Kg8 33. Qd2 Rd8 34. Rag1
Be8 35. Bd1 Rgd6 36. Bh5 Bg6 37. Bxg6 Rxg6 38. a4 Qd7 39. Ra1 a6 40. Qb2 Qg7
41. Qe5 Qd7 42. Rh6 Re8 43. Rxg6+ hxg6 44. Qf6 Qg7 45. Rb1 Qxf6 46. gxf6 Rb8
47. d6 Kf7 48. d7 Kxf6 49. Rxb6+ 1-0